00830nam a2200229Ia 450000500170000000800410001702000180005804000560007604100080013210000220014024501220016226000540028430000180033849000180035650400410037465000170041565000250043265000220045765000430047965000440052270000340056620211112074825.0130821s2010 ck gr dspa  a9789583034589 aCO-BoUCMbspacJose A. Gerena (modificó)d[Nuevo]00aspa1 aSáenz, Mauricio10aCaudilloscMauricio Sáenz ; editora Gabriela de la Parraben América Latina nada ha cambiado en doscientos años aBogotá (Colombia)bParamericana editorialc2010 a303 páginas 0aAgenda de Hoy aIncluye referencias bibliográficas 7aBiografías 7aLiderazgo político 7aLideres cívicos 7aPolíticaxHistoriazAmérica Latina 7aPolíticosxHistoriazAmérica Latina1 aParra, Gabriela de laeeditor